LEADER 02026oas 2200769 a 450 001 9910132051003321 005 20260127111028.0 011 $a2169-7639 035 $a(DE-599)ZDB2135482-0 035 $a(OCoLC)60626541 035 $a(CONSER) 2012202237 035 $a(CKB)110978977980416 035 $a(DE-599)2135482-0 035 $a(EXLCZ)99110978977980416 100 $a20050614a19679999 sy a 101 0 $aeng 135 $aurun||||||||| 181 $ctxt$2rdacontent 182 $cc$2rdamedia 183 $acr$2rdacarrier 200 14$aThe Hawaiian journal of history 210 $a[Honolulu] $c[Hawaiian Historical Society] 300 $aRefereed/Peer-reviewed 311 08$a0440-5145 607 $aOceania$xHistory$vPeriodicals 607 $aOce?anie$xHistoire$vPe?riodiques 607 $aOceania$2fast$1https://id.oclc.org/worldcat/entity/E39PBJfGXyKwjqFR47VVfYDpfq 607 $aUnited States, Hawaii$xHistory$xPeriodicals$2fssh 607 $aPolynesia$xHistory$xPeriodicals$2fssh 607 $aUnited States, Hawaii$xPeriodicals$2fssh 607 $aPolynesia$xPeriodicals$2fssh 608 $aperiodicals.$2aat 608 $aHistory.$2fast 608 $aPeriodicals.$2fast 608 $aPeriodicals.$2lcgft 608 $aPeriodicals.$2rbgenr 608 $aPe?riodiques.$2rvmgf 610 $aSerial 676 $a996/.005 712 02$aHawaiian Historical Society 801 0$bOCLCS 801 1$bOCLCS 801 2$bTXJ 801 2$bOCLCQ 801 2$bCO3 801 2$bOCLCQ 801 2$bDLC 801 2$bOCLCQ 801 2$bOCLCF 801 2$bOCLCO 801 2$bVT2 801 2$bDLC 801 2$bOCLCQ 801 2$bBUF 801 2$bCNTRU 801 2$bDYJ 801 2$bOCLCQ 801 2$bIOY 801 2$bOCLCL 801 2$bAUD 801 2$bUEJ 801 2$bSFB 801 2$bOCLCL 906 $aJOURNAL 912 $a9910132051003321 996 $aThe Hawaiian journal of history$92004456 997 $aUNINA